MARC details
| 000 -LEADER |
| fixed length control field |
02779cam a2200613 4500 |
| 001 - CONTROL NUMBER |
| control field |
22367 |
| 003 - CONTROL NUMBER IDENTIFIER |
| control field |
VRT |
| 005 - DATE AND TIME OF LATEST TRANSACTION |
| control field |
20260326154532.0 |
| 006 - FIXED-LENGTH DATA ELEMENTS--ADDITIONAL MATERIAL CHARACTERISTICS |
| fixed length control field |
r c r tn |
| 008 - FIXED-LENGTH DATA ELEMENTS--GENERAL INFORMATION |
| fixed length control field |
221201s2022 xo af c 000 j slo |
| 015 ## - NATIONAL BIBLIOGRAPHY NUMBER |
| National bibliography number |
SNBA2024/01 |
| 020 ## - INTERNATIONAL STANDARD BOOK NUMBER |
| International Standard Book Number |
9788056630532 |
| Qualifying information |
(viazané) |
| 039 #9 - LEVEL OF BIBLIOGRAPHIC CONTROL AND CODING DETAIL [OBSOLETE] |
| Level of rules in bibliographic description |
202407021130 |
| Level of effort used to assign nonsubject heading access points |
AUTHORITY |
| Level of effort used to assign subject headings |
202406101338 |
| Level of effort used to assign classification |
AUTHORITY |
| Level of effort used to assign subject headings |
202401171044 |
| Level of effort used to assign classification |
msnk176 |
| Level of effort used to assign subject headings |
202310241108 |
| Level of effort used to assign classification |
msnk04 |
| 040 ## - CATALOGING SOURCE |
| Original cataloging agency |
SVKBB |
| Language of cataloging |
slo |
| Transcribing agency |
SVKBB |
| Modifying agency |
SNK |
| Description conventions |
rda |
| 041 1# - LANGUAGE CODE |
| Language code of text/sound track or separate title |
slo |
| Language code of original |
ger |
| 044 ## - COUNTRY OF PUBLISHING/PRODUCING ENTITY CODE |
| MARC country code |
xo |
| ISO country code |
SK |
| 072 #7 - SUBJECT CATEGORY CODE |
| Subject category code |
821.112.2-3 |
| Subject category code subdivision |
Nemecká próza, nemecky písaná |
| Source |
konspekt |
| 072 #7 - SUBJECT CATEGORY CODE |
| Subject category code |
821-93 |
| Subject category code subdivision |
Literatúra pre deti a mládež (beletria) |
| Source |
konspekt |
| 080 ## - UNIVERSAL DECIMAL CLASSIFICATION NUMBER |
| Universal Decimal Classification number |
821.112.2(436)-32 |
| Edition identifier |
2011 |
| 080 ## - UNIVERSAL DECIMAL CLASSIFICATION NUMBER |
| Universal Decimal Classification number |
(0:82-321.3) |
| Edition identifier |
2011 |
| 080 ## - UNIVERSAL DECIMAL CLASSIFICATION NUMBER |
| Universal Decimal Classification number |
82-93-053.4/.5 |
| Edition identifier |
2011 |
| 100 1# - MAIN ENTRY--PERSONAL NAME |
| Personal name |
Brezina, Thomas, |
| Dates associated with a name |
1963- |
| Relationship |
aut |
| 240 10 - UNIFORM TITLE |
| Uniform title |
Was geschah im Schloss des Schreckens? |
| Language of a work |
Slovensky |
| 245 10 - TITLE STATEMENT |
| Title |
Prekliaty zámok |
| Statement of responsibility, etc. |
Thomas Brezina ; ilustrovala Nora Nowatzyková ; z nemeckého originálu Was geschah im Schloss des Schreckens? ... preložila Elena Stuppacherová |
| 250 ## - EDITION STATEMENT |
| Edition statement |
Druhé slovenské vydanie |
| 264 #1 - PRODUCTION, PUBLICATION, DISTRIBUTION, MANUFACTURE, AND COPYRIGHT NOTICE |
| Place of production, publication, distribution, manufacture |
Bratislava |
| Name of producer, publisher, distributor, manufacturer |
Fragment |
| Date of production, publication, distribution, manufacture, or copyright notice |
2022 |
| 300 ## - PHYSICAL DESCRIPTION |
| Extent |
113 strán, 8 strán ilustrovaných príloh |
| Other physical details |
čiernobiele ilustrácie, čiernobiele ilustrované listy |
| Dimensions |
19 cm |
| Accompanying material |
1 plastová lupa |
| 336 ## - CONTENT TYPE |
| Content type term |
text |
| Content type code |
txt |
| Source |
rdacontent |
| 336 ## - CONTENT TYPE |
| Content type term |
trojrozmerná forma |
| Content type code |
tdf |
| Source |
rdacontent |
| 337 ## - MEDIA TYPE |
| Media type term |
bez média |
| Media type code |
n |
| Source |
rdamedia |
| 338 ## - CARRIER TYPE |
| Carrier type term |
zväzok |
| Carrier type code |
nc |
| Source |
rdacarrier |
| 338 ## - CARRIER TYPE |
| Carrier type term |
objekt |
| Carrier type code |
nr |
| Source |
rdacarrier |
| 490 1# - SERIES STATEMENT |
| Series statement |
Klub záhad. Napínavé príbehy so superlupou |
| 500 ## - GENERAL NOTE |
| General note |
Vydalo vydavateľstvo Fragment v spoločnosti Albatros Media Slovakia, s. r. o. |
| 521 8# - TARGET AUDIENCE NOTE |
| Target audience note |
Pre čitateľov od 11 rokov |
| 655 #7 - INDEX TERM--GENRE/FORM |
| Genre/form data or focus term |
rakúske príbehy |
| Source of term |
SNKPH |
| 655 #7 - INDEX TERM--GENRE/FORM |
| Genre/form data or focus term |
dobrodružné príbehy |
| Source of term |
SNKPH |
| 655 #7 - INDEX TERM--GENRE/FORM |
| Genre/form data or focus term |
literatúra pre deti |
| Source of term |
SNKPH |
| 655 #7 - INDEX TERM--GENRE/FORM |
| Genre/form data or focus term |
Austrian stories |
| Source of term |
SNKPHeng |
| 655 #7 - INDEX TERM--GENRE/FORM |
| Genre/form data or focus term |
Adventure stories |
| Source of term |
SNKPHeng |
| 655 #7 - INDEX TERM--GENRE/FORM |
| Genre/form data or focus term |
Children's literature |
| Source of term |
SNKPHeng |
| 700 1# - ADDED ENTRY--PERSONAL NAME |
| Personal name |
Nowatzyk, Nora |
| Relationship |
ill |
| 700 1# - ADDED ENTRY--PERSONAL NAME |
| Personal name |
Stuppacherová, Elena, |
| Dates associated with a name |
1946- |
| Relationship |
trl |
| 710 2# - ADDED ENTRY--CORPORATE NAME |
| Corporate name or jurisdiction name as entry element |
Albatros Media Slovakia. |
| Subordinate unit |
Fragment |
| Relationship |
pbl |
| 830 #0 - SERIES ADDED ENTRY--UNIFORM TITLE |
| Uniform title |
Klub záhad |
| Name of part/section of a work |
Napínavé príbehy so superlupou |
| 942 ## - ADDED ENTRY ELEMENTS (KOHA) |
| Source of classification or shelving scheme |
Dewey Decimal Classification |
| Koha item type |
Krásna literatúra pre deti |
| Suppress in OPAC |
No |
| 949 ## - LOCAL PROCESSING INFORMATION (OCLC) |
| 6 |
17A1515713 |
| a |
snkSD 91961 |
| b |
snk2023/15453 |
| o |
2130/2022 |
| 949 ## - LOCAL PROCESSING INFORMATION (OCLC) |
| 6 |
17A1515715 |
| a |
snkSD 91961 D1 |
| b |
snk2023/15454 |
| o |
2130/2023 |
| 949 ## - LOCAL PROCESSING INFORMATION (OCLC) |
| 6 |
17A1515714 |
| a |
snkSD 91961/príl. |
| b |
snk2023/15453 |
| o |
2130/2023 |
| p |
1 plastová lupa |
| q |
1 plastová lupa |
| r |
1 plastová lupa |
| 949 ## - LOCAL PROCESSING INFORMATION (OCLC) |
| 6 |
17A1515716 |
| a |
snkSD 91961/príl. D1 |
| b |
snk2023/15454 |
| o |
2130/2023 |
| p |
1 plastová lupa |
| q |
1 plastová lupa |
| r |
1 plastová lupa |
| 949 ## - LOCAL PROCESSING INFORMATION (OCLC) |
| 6 |
270001000652746 |
| 9 |
1 plastová lupa |
| a |
svkbbA 165531 |
| b |
svkbbm 802610 |
| 949 ## - LOCAL PROCESSING INFORMATION (OCLC) |
| 6 |
273K0679175 |
| a |
svkpoA 252248 |
| b |
svkpo668753 |
| q |
Príl.: 1 lupa |
| r |
Príl.: 1 lupa |